Un ensayo de educación activa en la escuela de párvulos Alfonso XIII
Zapisane w:
| 1. autor: | |
|---|---|
| Format: | Książka |
| Język: | hiszpański |
| Wydane: |
Madrid
De la Lectura
1900
|
| Seria: | Ciencia y Educación. Sección Contemporánea
|
| Hasła przedmiotowe: | |
| Etykiety: |
Dodaj etykietę
Nie ma etykietki, Dołącz pierwszą etykiete!
|
MARC
| LEADER | 00000nam a2200000 a 4500 | ||
|---|---|---|---|
| 001 | UCZ8563 | ||
| 003 | CL-VaPUC | ||
| 008 | 960121e19000000SP |||||||||||||||||spa|d | ||
| 082 | 0 | 4 | |a 371.38 |b DIE |2 21 |
| 100 | 0 | |a Diez París, María Teresa |e author |9 353903 | |
| 245 | 1 | 3 | |a Un ensayo de educación activa en la escuela de párvulos Alfonso XIII |
| 300 | |a 79 p | ||
| 942 | |c BK | ||
| 945 | |d 19960121 00:00:00 |a lriquelm | ||
| 260 | |a Madrid |b De la Lectura |c 1900 | ||
| 650 | 0 | |a Métodos de enseñanza |9 270413 | |
| 650 | 0 | |a Educación preescolar |9 260381 | |
| 650 | 7 | |a JARDIN INFANTIL |2 CL-VaPUC |9 308724 | |
| 650 | 7 | |a PARTICIPACION DEL ALUMNO |2 CL-VaPUC |9 339407 | |
| 650 | 0 | |a Niños |9 255605 | |
| 583 | |a last modification |c 19960121 00:00:00 |k Rodrigo Vera | ||
| 490 | 0 | |a Ciencia y Educación. Sección Contemporánea | |
| 999 | |c 244426 |d 244424 | ||
| 952 | |0 0 |1 0 |4 0 |6 371_380000000000000_DIE_1900 |7 0 |8 P |9 258486 |a BIBEDU |b BIBEDU |c BIBEDU_PB |d 2019-11-19 |i 1619713 |o 371.38 DIE 1900 |p 1619713 |r 2024-01-25 |w 2019-11-19 |y BK |k EDU | ||